Welcome to the Holygrace Academy Library

Please use search bar below to get started

UNFABOULOUS SPLIT ENDS (Record no. 2509)

MARC details
000 -LEADER
fixed length control field 00310nam a22001337a 4500
020 ## - INTERNATIONAL STANDARD BOOK NUMBER
ISBN 0-439-80179-6
082 ## - DEWEY DECIMAL CLASSIFICATION NUMBER
Classification number 823
Item number WAS/S
100 ## - MAIN ENTRY--AUTHOR NAME
Personal name WASSERMAN, ROBIN
245 ## - TITLE STATEMENT
Title UNFABOULOUS SPLIT ENDS
260 ## - PUBLICATION, DISTRIBUTION, ETC. (IMPRINT)
Place of publication UNITED STATES
Name of publisher SCHOLASTIC INC
Year of publication 2005
300 ## - PHYSICAL DESCRIPTION
Number of Pages 107
650 ## - SUBJECT ADDED ENTRY--TOPICAL TERM
Topical Term NOVEL
Geographic subdivision UNITED STATES
942 ## - ADDED ENTRY ELEMENTS (KOHA)
Koha item type Books
Holdings
Withdrawn status Lost status Collection code Home library Current library Shelving location Date acquired Source of acquisition Cost, normal purchase price Full call number Accession Number Koha item type
    Reference Main Library Main Library SHELF 1-J-ENGLISH NOVELS FOR TEACHERS 28/01/2019 purchase 30.00 823 WAS/S 10737 Books
    Fiction Main Library Main Library SHELF 1-J-ENGLISH NOVELS FOR TEACHERS 28/01/2019 purchase 30.00 823 WAS/S 10736 Books